Convivir 2. Educación para la convivencia. 7º E.G.B.
Gespeichert in:
| Hauptverfasser: | , |
|---|---|
| Format: | keine Angabe |
| Sprache: | Spanisch |
| Erschienen: |
Madrid
Bruño
1992
|
| Katalog: | MANES: Suchergebnis im Bibliothekskatalog |
| Schulbuchspezifische Eigenschaften: |
|
| Tags: |
Tag hinzufügen
Keine Tags, Fügen Sie den ersten Tag hinzu!
|
| Hinzugefügt zu: | 26.04.2016 |
| Geändert in: | 23.03.2026 |
MARC
| LEADER | 000000000a22000000004500 | ||
|---|---|---|---|
| 001 | 02406 | ||
| 003 | OSt | ||
| 005 | 20260323125455.0 | ||
| 008 | 160427s sp ||||| |||| 00| 0 spa d | ||
| 040 | |c centro_manes | ||
| 041 | 1 | |a spa | |
| 691 | 7 | |a PRI | |
| 100 | 1 | |a De Blas Salamanca, Pablo |9 270 |a Martínez Beltrán, José María |9 151 |a Moraleda Rodríguez, José |9 315 |a Orbezua Iriarte, Pedro María |9 272 | |
| 100 | |a Lázaro López, Agustín |9 271 | ||
| 245 | 0 | 0 | |a Convivir 2. Educación para la convivencia. 7º E.G.B. |
| 260 | 3 | |a Madrid |b Bruño |c 1992 | |
| 300 | |a 126 p. |c 26x19 cm | ||
| 500 | |a Fecha de publicación tomada del Depósito Legal | ||
| 690 | 7 | |a ECS |a RyM | |
| 942 | |2 ddc |c BK | ||
| 546 | |a España | ||
| 999 | |c 8380 |d 8380 | ||
| 999 | |c manes:8380 |d 8380 | ||